• 首页
  • 本馆介绍
  • 公告通知
  • 最新文献
  • 馆藏检索
  • 电子资源
  • 读者导购
  • 参考咨询
  • 我的图书馆
  • 登录
  • 详细信息显示
  • 放入我的书架
  • 预约/预借图书
  • 作者相关作品
  • 分类相关作品
  • 丛书相关作品
  • 出版社相关作品

书目信息

  • 表格格式
  • 工作单格式
  • 卡片格式
题名:
小行星趣谈
    
 
作者: 张明昌 , 郑家庆 著
分册:  
出版信息: 北京   科学普及出版社  1984
页数: 180页
开本: 19cm
丛书名:
单 册:
中图分类: P185.7
科图分类:
主题词: 小行星
电子资源:
ISBN:
000 00650nam0 2200241 45
001 0184002425
005 20041224101123.9
010    @dCNY0.58
091    @a13051.1364
100    @a19950705d1984 em y0chiy0121 ea
101 0  @achi
102    @aCN@b110000
105    @ay z 000yy
200 10 @a小行星趣谈@Axiao xing xing qu tan@f张明昌,郑家庆著@FZhang Ming Chang,Zheng Jia Qing Zhu
210    @a北京@c科学普及出版社@d1984
215    @a180页@d19cm
606    @a小行星
690    @aP185.7@v3
701  0 @a张明昌@4著
701  0 @a郑家庆@4著
801  0 @aCN@b上海图书馆@c20041224
801  2 @aCN@bNLC@c20041224
905    @f1@b128878@dP185.7@e35
    
    小行星趣谈/张明昌,郑家庆著.-北京:科学普及出版社,1984
    180页;19cm
    
    
    ISBN :CNY0.58
    
●
相关链接 在E读中查询图书 在五车中查询图书 在当当中查询图书 在豆瓣中查询图书


正题名:小行星趣谈     索取号:P185.7/35         预约/预借

序号 登录号 条形码 馆藏地/架位号 状态 备注
1 0128878   001971888   第三借阅区/ [索取号:P185.7/35] 在馆    
2 0128880   202101402   第二样本阅览室/ [索取号:P185.7/35] 在馆    
唐山师范学院图书馆 欢迎您!
大连网信软件有限公司© 版权所有